00835nam a22002177a 450000500170000001000150001702000270003203500140005903700090007308200110008210000300009324500940012325000100021726000860022727000740031330000260038749000280041394200250044199900190046695201320048520250117110807.0 aENG-143510 a9780199460113c1200.00 aEN-127042 bDBAD a954.08 aHamilton Elizabeth976700 aThe Feringhees; Sir Robert and Sir William-Two Europeans in India/cBy Elizabeth Hamilton aFirst aYMCA Library Building, 1 Jai Singh Road, New DelhibOxford University Pressc2016 aYMCA Library Building, 1 Jai Singh Road, New DelhibNew Delhie110001 axii,258p.c22cm (pbk) vVol.2 The Straight Race 2ddccENh954.08mHam c208567d208567 00103Vol.24070aVPbVPd2025-01-17eDBADg1200.00l0o954.08 HampEN-127042r2025-01-17 00:00:00t1v1200.00w2025-01-17yEN